=LDR 00000nam 2200000 4500 =001 NUTBA000000000000399 =005 20140327110029.0 =006 =007 =008 =020 ##$$a 978-602-98181-8-5 =035 ##$$0010-031400000000398 =082 ##$$a 370.152 3 =090 ##$$a 370.152 3 Abi s =100 ##$$a Mifzal, Abiyu =245 ##$$a Strategi Pembelajaran Anak Kurang Berprestasi =250 ##$$a Cet. I =260 ##$$a Jogjakarta $b Javalitera $c 2012 =300 ##$$a 124 hlm $c 21 cm =650 ##$$a Panduan Pendidikan =990 ##$$a 91107/BPAP-NTB/2014 =990 ##$$a 91447/BPAP-NTB/2014 =990 ##$$a 91891/BPAP-NTB/2014 =990 ##$$a 93832/BPAP-NTB/2014 =990 ##$$a 94495/BPAP-NTB/2014 =990 ##$$a 0001/BPAP-NTB/20142014 =990 ##$$a 0001/BPAP-NTB/20142014 =990 ##$$a 0001/BPAP-NTB/20142015 =990 ##$$a 0353/BPAP-NTB/2016